000 00422nmm a2200145Ia 4500
008 251105s9999||||xx |||||||||||||||||und||
041 _aspa
100 _aLindsey, Johanna
245 0 _aAmar una sola vez :
_b La Saga de los Malory vol. I
264 _a[Madrid, España] :
_bEdiciones B,
_c2014
300 _a296 páginas
650 _aRomance
856 _uhttps://public.digitaliapublishing.com/a/52985
942 _cCF
999 _c104896
_d104896